000 04492pam a2200481 i 4500
005 20260322212003.0
008 data
010 _a 2013016114
016 7 _a016443738
_2Uk
020 _a9781118106778 (hardback : alk. paper)
020 _a1118106776 (hardback : alk. paper)
020 _a9781118419151 (electronic)
040 _aDLC
_beng
_erda
_cDLC
_dYDXCP
_dOCLCQ
_dUKMGB
_dYDXCP
041 0 9 _aeng
042 _anlmcopyc
_anlmcopyc
044 _9United States
050 0 0 _aRC454
_b.P7865 2013
060 1 0 _aWM 141
082 0 0 _a616.89
_223
084 _aPSY022000
_2bisacsh
096 _aWM 141 P7865 2013
130 0 _aPsychopathology (2013)
245 0 0 _aPsychopathology :
_bhistory, diagnosis, and empirical foundations /
_cedited by W. Edward Craighead, David Jay Miklowitz & Linda W. Craighead.
250 _aSecond edition.
264 1 _aHoboken, New Jersey :
_bJohn Wiley & Sons, Inc.,
_c[2013]
300 _a online resource
336 _atext
_btxt
_2rdacontent
337 _aunmediated
_bn
_2rdamedia
338 _avolume
_bnc
_2rdacarrier
504 _aIncludes bibliographical references and index.
505 8 _aMachine generated contents note: Chapter 1: Issues in Diagnosis: Conceptual Issues and ControversiesScott O. Lilienfeld, Sarah Francis Smith and Ashley L. WattsChapter 2: Strategies for Evidence-Based Assessment of Children and Adolescents: Measuring Prediction, Prescription, and ProcessEric A. Youngstrom and Thomas W. FrazierChapter 3: Obsessive-Compulsive DisorderJonathan S. Abramowitz, Laura E. Fabricant, and Ryan J. JacobyChapter 4: Generalized Anxiety DisorderKaren Rowa, Heather K. Hood, and Martin M. AntonyChapter 5: Social Anxiety DisorderDeborah Roth Ledley, Brigette A. Erwin, Amanda S. Morrison, and Richard G. HeimbergChapter 6 Panic DisorderJoanna J. Arch, Lauren N. Landy and Michelle G. CraskeChapter 7: Posttraumatic Stress DisorderPatricia A. Resick, Candice M. Monson, and Shireen L. RizviChapter 8: Major Depressive DisorderLorie A. Ritschel, Charles F. Gillespie, Eir?ikur ?O. Arnarson, and W. Edward CraigheadChapter 9: Dysthymia and Chronic DepressionDaniel N. Klein and Sarah R. BlackChapter 10: Bipolar DisordersDavid J. Miklowitz and Sheri L. JohnsonChapter 11: Schizophrenia and the Psychosis SpectrumHanan D. Trotman, Vijay Mittal, Kevin Tessner, and Elaine F. WalkerChapter 12 Bulimia Nervosa and Binge Eating DisorderLinda W. Craighead, Margaret Martinez, and Kelly L. KlumpChapter 13 Eating Disorders: Anorexia NervosaJAMES LOCK AND NINA KIRZChapter 14: Borderline Personality DisorderJill M. Hooley and Sarah A. St. GermainChapter 15: Alcohol Use DisordersLara A. Ray, Kelly E. Courtney, and Guadalupe BacioChapter 16: Psychopathy as psychopathology: Key developments in assessment, etiology, and treatmentJennifer E. Vitale and Joseph P. NewmanChapter 17: Sexual DysfunctionCindy M. Meston and Carey S. PulvermanChapter 18: Sleep DisordersJennifer C. Kanady and Allison G. Harvey.
520 _a"Designed for graduate level courses in adult psychopathology, the Second Edition of this book incorporates the newly released (2013) DSM-5 . Unique in its approach, this text presents a historical context in which current diagnoses are made. Presenting an overview of the issues and methodologies of conducting assessments, each of the major psychological disorders is discussed in a standard format in the chapter dealing with that disorder. The text includes new chapters on nonalcohol substance abuse and contextual factors affecting diagnoses. Each chapter covers: description from DSM, using case examples; epidemiology; basic research, including neurobiology and neuroscience of the disorder; prevalence and consequences of the disorder; behavioral, social, cognitive, and emotional aspects of the disorder; and treatment of the disorder, using clinical examples showing how psychopathology and assessment influence treatment"--
_cProvided by publisher.
538 _a Mode of Access: World Wide Web
650 1 2 _aMental Disorders
_xdiagnosis
650 2 2 _aMental Disorders
_xclassification
650 2 2 _aPsychopathology
_xmethods
655 4 _a Electronic books
700 1 _aCraighead, W. Edward,
_eeditor.
700 1 _aMiklowitz, David Jay,
_d1957-,
_eeditor.
700 1 _aCraighead, Linda W.,
_eeditor.
856 4 _uhttp://www.r2library.com/Resource/Title/1118106776
_yLink to book at Rittenhouse R2.
001 data
999 _c14
_d14